000 00414nam a22001817a 4500
003 NUST - PNEC
005 20170116181144.0
008 151008b xxu||||| |||| 00| 0 eng d
020 _a-
040 _cLIBRARY
082 _a800.2 HAN
100 _914854
_aM. Hanif
245 _aGam Nelgoon (Urdu)
_cM. Hanif
250 _a-
260 _cc.2002
650 _914081
_aLiterature
_xGeneral
942 _2ddc
_cBK
999 _c70608
_d70608